Köppen climate classification - Subarctic - Statistics

General Stats
  • This quiz has been taken 58 times
  • The average score is 14 of 19
Answer Stats
Country % Correct
Canada
100%
Russia
100%
United States
100%
Finland
96%
Mongolia
96%
Norway
96%
Sweden
96%
China
94%
Iceland
94%
France
79%
Switzerland
79%
Germany
74%
Romania
49%
Bhutan
47%
Bulgaria
47%
Hungary
45%
Andorra
43%
Czech Republic
40%
Croatia
34%
No matching quizzes found
Score Distribution
Percent of People with Each Score
Percentile by Number Answered
Your Score History
You have not taken this quiz